Score 0/29 Timer 08:00
4 Plays Today
% Correct
Glenn Close
87.2%
Maggie Smith
73.8%
Claire Danes
67.2%
Tyne Daly
64.9%
Edie Falco
59.2%
Allison Janney
58%
Blythe Danner
43.7%
Julianna Margulies
42.1%
Sharon Gless
38.5%
Sela Ward
34.9%
Dana Delany
33.7%
Michael Learned
31.6%
Kristy McNichol
29.8%
Patricia Clarkson
25.7%
Alfre Woodard
25.1%
% Correct
Barbara Stanwyck
19.9%
Loretta Young
16.8%
Barbara Bain
16.5%
Margo Martindale
16.5%
Kathy Baker
16.2%
Anna Gunn
15.6%
Ellen Corby
15%
Jane Wyatt
14.6%
Amanda Plummer
12.1%
Patricia Wettig
10%
Nancy Marchand
9.6%
Shirley Knight
5.3%
Bonnie Bartlett
4.6%
Susan Hampshire
4.3%

You're not logged in!

Compare scores with friends on all Sporcle quizzes.
OR
Log In

Sporcle TV

Today on Sporcle TV


Watch our educational content, quiz creation guides, and fun videos on Sporcle TV.

Show Comments

Extras

Top Quizzes Today


Score Distribution

Paid Content

Your Account Isn't Verified!

In order to create a playlist on Sporcle, you need to verify the email address you used during registration. Go to your Sporcle Settings to finish the process.

Report this User

Report this user for behavior that violates our Community Guidelines.

Details: